<?xml version="1.0" encoding="UTF-8"?>
<record
    xmlns:xsi="http://www.w3.org/2001/XMLSchema-instance"
    xsi:schemaLocation="http://www.loc.gov/MARC21/slim http://www.loc.gov/standards/marcxml/schema/MARC21slim.xsd"
    xmlns="http://www.loc.gov/MARC21/slim">

  <leader>00810nam a22001817a 4500</leader>
  <datafield tag="999" ind1=" " ind2=" ">
    <subfield code="c">20765</subfield>
    <subfield code="d">20765</subfield>
  </datafield>
  <controlfield tag="005">20200130055221.0</controlfield>
  <controlfield tag="008">200130b        xxu||||| |||| 00| 0 spa d</controlfield>
  <datafield tag="040" ind1=" " ind2=" ">
    <subfield code="a">CO-BoIAVH </subfield>
    <subfield code="c">CO-BoIAVH </subfield>
  </datafield>
  <datafield tag="041" ind1=" " ind2=" ">
    <subfield code="a">spa</subfield>
  </datafield>
  <datafield tag="044" ind1=" " ind2=" ">
    <subfield code="a">ck</subfield>
  </datafield>
  <datafield tag="110" ind1=" " ind2=" ">
    <subfield code="a">Instituto para la Investigaci&#xF3;n y la Preservaci&#xF3;n del Patrimonio Cultural y Natural del Valle del Cauca-INCIVA</subfield>
  </datafield>
  <datafield tag="245" ind1=" " ind2=" ">
    <subfield code="a">Museo Departamental de Ciencias Naturales</subfield>
    <subfield code="b">"Federico Carlos Lehmann"</subfield>
    <subfield code="c">Instituto para la Investigaci&#xF3;n y la Preservaci&#xF3;n del Patrimonio Cultural y Natural del Valle del Cauca-INCIVA</subfield>
  </datafield>
  <datafield tag="260" ind1=" " ind2=" ">
    <subfield code="a">Cali:</subfield>
    <subfield code="b">INCIVA,</subfield>
    <subfield code="c">s.f.</subfield>
  </datafield>
  <datafield tag="300" ind1=" " ind2=" ">
    <subfield code="a">8 p&#xE1;ginas sin numerar</subfield>
    <subfield code="b">Fotograf&#xED;as e ilustraciones a color,</subfield>
    <subfield code="c">28.9 x 22.8 cm</subfield>
  </datafield>
  <datafield tag="650" ind1=" " ind2="0">
    <subfield code="a">Museos</subfield>
    <subfield code="z">Cali</subfield>
  </datafield>
  <datafield tag="650" ind1=" " ind2="0">
    <subfield code="a">Presentaci&#xF3;n de proyecto</subfield>
    <subfield code="v">Museo</subfield>
    <subfield code="z">Cali</subfield>
  </datafield>
  <datafield tag="942" ind1=" " ind2=" ">
    <subfield code="2">ddc</subfield>
    <subfield code="c">Folleto</subfield>
  </datafield>
  <datafield tag="952" ind1=" " ind2=" ">
    <subfield code="0">0</subfield>
    <subfield code="1">0</subfield>
    <subfield code="2">z</subfield>
    <subfield code="4">0</subfield>
    <subfield code="7">0</subfield>
    <subfield code="8">HEMEROTECA</subfield>
    <subfield code="a">Bogota</subfield>
    <subfield code="b">Bogota</subfield>
    <subfield code="d">2020-01-30</subfield>
    <subfield code="l">0</subfield>
    <subfield code="o">FG-0411</subfield>
    <subfield code="p">043298</subfield>
    <subfield code="r">2020-01-30 00:00:00</subfield>
    <subfield code="t">Ej. 1</subfield>
    <subfield code="w">2020-01-30</subfield>
    <subfield code="x">Donacion</subfield>
    <subfield code="y">Folleto</subfield>
  </datafield>
</record>
